Experiencia y teoría de las comunas infantiles: de la educación autiautoritaria a la educación socialista
Đã lưu trong:
| Tác giả chính: | |
|---|---|
| Định dạng: | Sách |
| Ngôn ngữ: | Tiếng Tây Ban Nha |
| Được phát hành: |
Barcelona
Fontanella
1977
|
| Loạt: | Libros de Confrontación. Pedagogía, 5
|
| Những chủ đề: | |
| Các nhãn: |
Thêm thẻ
Không có thẻ, Là người đầu tiên thẻ bản ghi này!
|
MARC
| LEADER | 00000nam a2200000 a 4500 | ||
|---|---|---|---|
| 001 | UCY1424 | ||
| 003 | CL-VaPUC | ||
| 008 | 940901e19770000SP |||||||||||||||||spa|d | ||
| 082 | 0 | 4 | |a 370.1 |b SAR |2 21 |
| 100 | 0 | |a Saraceno, Chiara |e author |9 329407 | |
| 245 | 1 | 0 | |a Experiencia y teoría de las comunas infantiles: de la educación autiautoritaria a la educación socialista |
| 300 | |a 383 p | ||
| 942 | |c BK | ||
| 945 | |d 19940901 00:00:00 |a rbrito | ||
| 260 | |a Barcelona |b Fontanella |c 1977 | ||
| 650 | 0 | |a Teoría de la educación |9 309368 | |
| 650 | 0 | |a Filosofía de la educación |9 258384 | |
| 650 | 0 | |a Métodos de enseñanza |9 270413 | |
| 650 | 7 | |a FILOSOFIA POLITICA |2 CL-VaPUC |9 329408 | |
| 583 | |a last modification |c 20170905 01:11:36 |k Rodrigo Vera | ||
| 490 | 0 | |a Libros de Confrontación. Pedagogía, 5 | |
| 999 | |c 230132 |d 230130 | ||
| 952 | |0 0 |1 0 |4 0 |6 370_100000000000000_SAR_1977 |7 0 |8 P |9 232157 |a BIBEDU |b BIBEDU |c BIBEDU_PB |d 2019-11-15 |i 3004147 |o 370.1 SAR 1977 |p 3004147 |r 2024-01-25 |w 2019-11-15 |y BK |k EDU | ||
| 952 | |0 0 |1 0 |4 0 |6 370_100000000000000_SAR_1977 |7 0 |8 P |9 232158 |a BIBEDU |b BIBEDU |c BIBEDU_PB |d 2019-11-15 |i 300421K |o 370.1 SAR 1977 |p 300421K |r 2024-01-25 |w 2019-11-15 |y BK |k EDU | ||